Planning permission (Record no. 70731)

MARC details
000 -LEADER
fixed length control field 01281cam a2200253 4500
001 - CONTROL NUMBER
control field ABS65690
008 - FIXED-LENGTH DATA ELEMENTS--GENERAL INFORMATION
fixed length control field 020715n2002 000 0 eng u
035 ## - SYSTEM CONTROL NUMBER
System control number (Sirsi) u118824
100 ## - MAIN ENTRY--PERSONAL NAME
Personal name Murphy, G
245 ## - TITLE STATEMENT
Title Planning permission
260 ## - PUBLICATION, DISTRIBUTION, ETC.
Date of publication, distribution, etc. 2002
490 ## - SERIES STATEMENT
Series statement Property Week
Volume/sequential designation 67(24) 21 June 2002, 40(1)
520 ## - SUMMARY, ETC.
Summary, etc. Provides advice for struggling property companies in a climate of uncertainty, and argues that such conditions can provide opportunities for flexible businesses to improve profitability. Suggests that a business should have an accurate and up-to-date record of its performance and looks at how businesses can successfully plan and manage staffing costs, future costs such as marketing, training, recruitment and capital expenditure, and administration costs. Concludes with five short to medium term strategies for businesses suffering uncertainties which include building relationships with current clients and reviewing individual marketing strategy.
590 ## - LOCAL NOTE (RLIN)
Local note ABS
650 ## - SUBJECT ADDED ENTRY--TOPICAL TERM
Topical term or geographic name entry element STAFFING
650 ## - SUBJECT ADDED ENTRY--TOPICAL TERM
Topical term or geographic name entry element MANAGEMENT-BUSINESS MANAGEMENT
650 ## - SUBJECT ADDED ENTRY--TOPICAL TERM
Topical term or geographic name entry element UNCERTAINTY
650 ## - SUBJECT ADDED ENTRY--TOPICAL TERM
Topical term or geographic name entry element STRATEGIC MANAGEMENT
650 ## - SUBJECT ADDED ENTRY--TOPICAL TERM
Topical term or geographic name entry element PERFORMANCE
650 ## - SUBJECT ADDED ENTRY--TOPICAL TERM
Topical term or geographic name entry element PROPERTY COMPANIES
650 ## - SUBJECT ADDED ENTRY--TOPICAL TERM
Topical term or geographic name entry element COSTS
690 ## - LOCAL SUBJECT ADDED ENTRY--TOPICAL TERM (OCLC, RLIN)
Topical term or geographic name as entry element MANAGEMENT-BUSINESS MANAGEMENT
942 ## - ADDED ENTRY ELEMENTS (KOHA)
Suppress in OPAC 0
Holdings
Withdrawn status Lost status Source of classification or shelving scheme Damaged status Not for loan Home library Current library Shelving location Date acquired Total Checkouts Full call number Barcode Date last seen Copy number Price effective from Koha item type
    Dewey Decimal Classification     London London Journal article 15/07/2002   ABS65690 118824-1001 06/08/2019 1 06/08/2019 Journal article